| 000 | 00000nam##2200000za#4500 |
| 001 | 9.615348 |
| 003 | CaOODSP |
| 005 | 20210615101105 |
| 007 | ta |
| 008 | 150406|2000||||xxc||||| f|0| 0 eng|d |
| 020 | |a0-662-29450-5 |
| 040 | |aCaOODSP|beng |
| 043 | |an-cn--- |
| 086 | 1 |aCC173-3/1-242E |
| 110 | 2 |aCanadian Nuclear Safety Commission. |
| 245 | 10|aConsidering cost-benefit information |
| 260 | |aOttawa - Ontario : |bCanadian Nuclear Safety Commission |c2000. |
| 300 | |a2p. ; |c28 cm. |
| 490 | 1 |aRegulatory policy |vP-242(E) |
| 500 | |a"This regulatory policy describes how the Canadian Nuclear Safety Commission (CNSC) will consider cost-benefit information in certain of its decision-making processes."--Purpose. |
| 520 | 3 |aThis regulatory policy describes how the Canadian Nuclear Safety Commission (CNSC) will consider cost-benefit information in certain of its decision-making processes.--Purpose |
| 563 | |aSoftcover |
| 590 | |a00-45|b2000-11-10 |
| 690 | 07|aNuclear energy|2gcpds |
| 690 | 07|aSafety regulations|2gcpds |
| 776 | 0#|tConsidering cost-benefit information |w(CaOODSP)9.571387 |
| 830 | #0|aRegulatory policy ;|vP-242(E)|w(CaOODSP)9.514450 |